00862nam a2200169Ia 4500008004100000020001500041050002000056100003800076245007000114250001800184260003300202300003500235500007900270504002700349505027900376650003700655120626s2004 mx k 000 0 spa d a9706479198 aQA159bA58 2004 aAlvarado García, Rodolfoeautor aÁlgebrab: Para preuniversitariosc/ Rodolfo, Alvarado García a2a. edición aMéxico b: Esfingec, 2004 a302 páginas b: formularios  aIncluye: Presentación (p. 3), Respuesta de los ejercicios (pp. 265- 302) aBibliografía (p.264) aConjuntos Sistemas de numeración El campo de los números reales Monomios y polinomios Productos notables y factorización Operaciones con fracciones algebraicas y radicales Ecuaciones y desigualdades Sistemas de ecuaciones y desigualdades El triángulo 0aÁLGEBRAxESTUDIO Y ENSEÑANZA